00695nam a22002177a 45000010005000000030009000050050017000140080041000310200015000720400028000870820020001151000020001352450100001552500013002552600031002683000039002995040051003385050034003896500030004237000024004538111BD-DhUAP20201206155456.0201206s2003 nyua b 001 0 eng  a0471370312 aDLCcDLCdBD-DhUAPbEng00a615.19 BUR 2231 aBurger, Alfred.10aBurger's medicinal chemistry and drug discovery /cAlfred Burger ; edited by Donald J. Abraham. a6th ed.  aNew York :bWiley,cc2003. avolumes :billustrations ;c26 cm. aIncludes bibliographical references and index.0 aV. 5-Chemotherapeutic agents. 0aPharmaceutical chemistry. aAbraham, Donald J.